New insights into Sikh art / (Record no. 135199)

MARC details
000 -LEADER
fixed length control field 00677nam a22002417a 4500
005 - DATE AND TIME OF LATEST TRANSACTION
control field 20170124110241.0
010 ## - LIBRARY OF CONGRESS CONTROL NUMBER
LC control number B-125296
020 ## - INTERNATIONAL STANDARD BOOK NUMBER
Terms of availability 2250.00
International Standard Book Number 8185026602
035 ## - SYSTEM CONTROL NUMBER
System control number B-125296
037 ## - SOURCE OF ACQUISITION
Source of stock number/acquisition Cen Lib/Ret
040 ## - CATALOGING SOURCE
Original cataloging agency DPL
Language of cataloging EN
082 ## - DEWEY DECIMAL CLASSIFICATION NUMBER
Classification number 704.9
Item number NEW
245 ## - TITLE STATEMENT
Title New insights into Sikh art /
Statement of responsibility, etc edited kavita Singh
246 ## - VARYING FORM OF TITLE
Remainder of title
260 ## - PUBLICATION, DISTRIBUTION, ETC. (IMPRINT)
Place of publication, distribution, etc Mumbai
Name of publisher, distributor, etc Marg Publications
Date of publication, distribution, etc 2003
270 ## - ADDRESS
Address 24, Homi mody street
City Mumbai
Postal code 400001
300 ## - PHYSICAL DESCRIPTION
Extent 148p. :
Dimensions 33cm(Hb)
Other physical details ill.
500 ## - GENERAL NOTE
General note Includes index
650 ## - SUBJECT ADDED ENTRY--TOPICAL TERM
Topical term or geographic name as entry element Sikh art.
9 (RLIN) 95065
650 ## - SUBJECT ADDED ENTRY--TOPICAL TERM
Topical term or geographic name as entry element Sikhismus.
9 (RLIN) 95066
700 ## - ADDED ENTRY--PERSONAL NAME
Personal name Singh, kavita
9 (RLIN) 95067
942 ## - ADDED ENTRY ELEMENTS (KOHA)
Source of classification or shelving scheme Dewey Decimal Classification
Koha item type English Books
Classification part 704.9
Call number suffix NEW
Holdings
Withdrawn status Lost status Damaged status Not for loan Collection code Home library Current library Date acquired Source of acquisition Cost, normal purchase price Total Checkouts Full call number Barcode Date last seen Copy number Cost, replacement price Price effective from Koha item type
      Not For Loan Reference Central Library Central Library 03/10/2015 Cen Lib/Ret 2250.00   704.9 NEW B-125296 03/10/2015 1 2250.00 03/10/2015 English Books

© Delhi Public Library
Hit Counter
free hit counter